000 01742nac a22003611i 4500
003 EG-ScBUE
005 20250227115216.0
008 250212s2001 mr a d 000 0 eng d
020 _a998126315X
040 _aEG-ScBUE
_beng
_erda
_cEG-ScBUE
_dEG-ScBUE
082 0 4 _a519.50243
_bTEA
_222
100 _a
245 0 0 _aTeachers' guidebook in mathematics, statistics and computer science :
_bgrade x, higher secondary school level based on modernized curricula proposed for ISESCO member states /
_cauthors Dr. Bakr A. Hassan [and three others] ; revised by Dr. Taher Ghasemi Honary.
246 3 4 _aدليل المعلم لتدريس الرياضيات وعلم الإحصاء وعلوم الحاسب :
_bفي المستوى العاشر من التعليم الثانوي
246 3 4 _aGuide de l'enseignant en mathematiques, statisique et Informatique :
_bpour le niveau x de l'ensrignement secondaire
264 1 _aRabat :
_bIslamic Educational, Scientific and Cultural Orgnization (ISESCO),
_c2001.
300 _axiv, 94 pages :
_billustrations ;
_c20 cm
336 _2rdacontent
_atext
_btxt
337 _aunmediated
_2rdamedia
_bn
338 _avolume
_bnc
_2rdacarrier
500 _aBased on Modernized Curricula proposed for ISESCO Member States.
521 _aGrade x, higher secondary school level.
650 7 _aProbabilities
_vTextbooks.
_2BUEsh
650 7 _aMathematical statistics
_vTextbooks.
_2BUEsh
655 _vReading book
700 1 _aHassan, Bakr.A.,
_eauthor.
700 1 _aAhmed, Munir,
_eauthor.
700 1 _aIbrahim, A. Shawky,
_eauthor.
700 1 _aThaheem, A. B.,
_eauthor.
700 1 _aHonary, Taher Ghasemi
_ereviewer.
942 _cBB
_2ddc
999 _c3465
_d3465